000 00520cam a2200217ua 4500
001 8101
005 20260515114308.0
008 150108n ii |||gr||||Z||||||hin
020 _a8171194923
040 _cMAIN
041 _ahin
082 _a891.433
100 _aDevi, M.,
_eAuthor.
245 1 _aAgnigarbha
_cBy Mahashweta Devi
250 _a1st.
260 _aNew Delhi:
_bRadhakrishna,
_c1999.
300 _a235p.
653 _aEast Indo-European & Celtic literatures
653 _aHindi novels
942 _cBK
999 _c7211
_d7211